Adventures in Algeria (Record no. 955)

MARC details
005 - DATE AND TIME OF LATEST TRANSACTION
control field 20250319112635.0
082 ## - DEWEY DECIMAL CLASSIFICATION NUMBER
Classification number 512 CRO
100 ## - MAIN ENTRY--PERSONAL NAME
Author name CROWDER, N. A.
245 ## - TITLE STATEMENT
Title Adventures in Algeria
260 ## - PUBLICATION, DISTRIBUTION, ETC.
Place of publication, distribution, etc. New York,
Name of publisher, distributor, etc. Double & Company,
Date of publication, distribution, etc. 1960.
300 ## - PHYSICAL DESCRIPTION
Extent 350p.
Other physical details Index.
Dimensions 22cm.
700 ## - ADDED ENTRY--PERSONAL NAME
Other authors/Editors MARTIN, G. C.
942 ## - ADDED ENTRY ELEMENTS (KOHA)
Source of classification or shelving scheme Dewey Decimal Classification
Koha item type Books
Holdings
Date last seen Total checkouts Full call number Barcode Cost, replacement price Price effective from Koha item type Lost status Source of classification or shelving scheme Damaged status Not for loan Withdrawn status Home library Current library Shelving location Date acquired Cost, normal purchase price
03/19/2025   512 CRO 0000003797 30000.00 03/19/2025 Books   Dewey Decimal Classification       College of Business Education Main Library College of Business Education Main Library General Collection 03/19/2025 10000.00